Las caras del leviatán : (Record no. 176088)

MARC details
000 -CABECERA
campo de control de longitud fija 00825nam a2200241 u 4500
005 - FECHA Y HORA DE LA ÚLTIMA TRANSACCIÓN
campo de control 20240925064709.0
008 - ELEMENTOS DE LONGITUD FIJA--INFORMACIÓN GENERAL
campo de control de longitud fija 150602s1992 es r 000 0 spa d
020 ## - NÚMERO INTERNACIONAL NORMALIZADO PARA LIBROS
Número Internacional Estándar del Libro 8476583354
035 ## - NÚMERO DE CONTROL DEL SISTEMA
Número de control de sistema UPN01000203987
049 ## - COLECCIÓN
Colección CG
050 #4 - SIGNATURA TOPOGRÁFICA DE LA BIBLIOTECA DEL CONGRESO
Número de clasificación HM24
Número de documento/Ítem C6.22
100 1# - ASIENTO PRINCIPAL--NOMBRE PERSONAL
Nombre de persona Colom González , Francisco
9 (RLIN) 37339
245 14 - MENCIÓN DE TÍTULO
Título Las caras del leviatán :
Resto del título una lectura política de la teoría crítica /
Mención de responsabilidad, etc. Francisco Colom González.
260 ## - PUBLICACIÓN, DISTRIBUCIÓN, ETC.
Lugar de publicación, distribución, etc. Barcelona, Esp. :
Nombre del editor, distribuidor, etc. Anthropos :
-- UAM-Iztapalapa,
Fecha de publicación, distribución, etc. 1992.
300 ## - DESCRIPCIÓN FÍSICA
Extensión 301 p.
440 #0 - MENCIÓN DE SERIE/ASIENTO SECUNDARIO--TÍTULO
Título Pensamiento crítico / Pensamiento utópico ;
Designación de volumen o secuencia 65
Nombre de parte o sección de la obra Filosofía política
650 #4 - ASIENTO SECUNDARIO DE MATERIA - TERMINO TEMATICO
Término de materia o nombre geográfico como elemento de entrada ESCUELA DE SOCIOLOGIA DE FRANKFURT
9 (RLIN) 1001
650 #4 - ASIENTO SECUNDARIO DE MATERIA - TERMINO TEMATICO
Término de materia o nombre geográfico como elemento de entrada Teoría crítica
9 (RLIN) 1000
650 #4 - ASIENTO SECUNDARIO DE MATERIA - TERMINO TEMATICO
Término de materia o nombre geográfico como elemento de entrada Filosofía alemana
9 (RLIN) 7273
650 #4 - ASIENTO SECUNDARIO DE MATERIA - TERMINO TEMATICO
Término de materia o nombre geográfico como elemento de entrada Poder (Ciencias sociales)
9 (RLIN) 1203
905 ## - TIPO DE MATERIAL
Tipo de material Libro
Holdings
Estado de retiro Estado de pérdida Fuente del sistema de clasificación o colocación Estado dañado No para préstamo Código de colección Localización permanente Ubicación/localización actual Ubicación en estantería Total de préstamos Clasificación Código de barras Fecha visto por última vez Número de copia Tipo de ítem Koha
    Library of Congress Classification     Colección General Bib. Gregorio Torres Quintero Bib. Gregorio Torres Quintero Planta baja   HM24 C6.22 303422 31/12/2020 1 Libro
    Library of Congress Classification     Colección General Bib. Gregorio Torres Quintero Bib. Gregorio Torres Quintero Planta baja   HM24 C6.22 303423 31/12/2020 1 Libro
    Library of Congress Classification     Colección General Bib. Gregorio Torres Quintero Bib. Gregorio Torres Quintero Planta baja   HM24 C6.22 303421 31/12/2020 1 Libro